弗洛伊德心理哲学: (Record no. 20975)
[ view plain ]
| 000 -LEADER | |
|---|---|
| fixed length control field | 00727nam a2200241Ia 4500 |
| 008 - FIXED-LENGTH DATA ELEMENTS--GENERAL INFORMATION | |
| fixed length control field | 200826s9999||||xx |||||||||||||| ||und|| |
| 020 ## - INTERNATIONAL STANDARD BOOK NUMBER | |
| International Standard Book Number | 7801149181 |
| 020 ## - INTERNATIONAL STANDARD BOOK NUMBER | |
| International Standard Book Number | 9787801149183 |
| 041 ## - LANGUAGE CODE | |
| Language code of text/sound track or separate title | chi |
| Language code of original | ger |
| 050 ## - LIBRARY OF CONGRESS CALL NUMBER | |
| Classification number | BF173.F85 |
| Item number | .F7415 2003 |
| 100 ## - MAIN ENTRY--PERSONAL NAME | |
| Personal name | Freud, Sigmund |
| 245 #0 - TITLE STATEMENT | |
| Title | 弗洛伊德心理哲学: |
| Remainder of title | = Sigmund Freud / |
| Statement of responsibility, etc. | 弗洛伊德 (Sigmund Freud) 著; 杨韶刚 等译 |
| 246 ## - VARYING FORM OF TITLE | |
| Title proper/short title | 弗洛伊德心理哲學: |
| Remainder of title | / |
| 260 ## - PUBLICATION, DISTRIBUTION, ETC. | |
| Place of publication, distribution, etc. | 北京 : |
| Name of publisher, distributor, etc. | 九州出版社, |
| 300 ## - PHYSICAL DESCRIPTION | |
| Extent | 2,412 p. |
| Other physical details | ; |
| Dimensions | 21 cm. |
| 490 ## - SERIES STATEMENT | |
| Series statement | 哲人咖啡厅 |
| 500 ## - GENERAL NOTE | |
| General note | Translation of: Sigmund Freud. |
| 650 ## - SUBJECT ADDED ENTRY--TOPICAL TERM | |
| Topical term or geographic name entry element | Freud, Sigmmund, 1856-1939 |
| 650 ## - SUBJECT ADDED ENTRY--TOPICAL TERM | |
| Topical term or geographic name entry element | Psychology. |
| 700 ## - ADDED ENTRY--PERSONAL NAME | |
| Personal name | 弗洛伊德 |
| 700 ## - ADDED ENTRY--PERSONAL NAME | |
| Personal name | 杨韶刚 |
| Withdrawn status | Lost status | Damaged status | Not for loan | Home library | Current library | Shelving location | Date acquired | Total Checkouts | Full call number | Barcode | Date last seen | Price effective from | Koha item type |
|---|---|---|---|---|---|---|---|---|---|---|---|---|---|
| GETS Theological Seminary Library | GETS Theological Seminary Library | General Stacks | 08/26/2020 | BF173.F85 .F7415 2003 | 00008586 | 08/26/2020 | 08/26/2020 | Chinese Book |